ՀՀ Գիտությունների ազգային ակադեմիայի հիմնարար գիտական գրադարան  =   Fundamental Scientific Library of NAS RA

Les sujets de l'abstraction : (Record no. 452468)

MARC details
000 -LEADER
fixed length control field 00904nam a2200241 a 4500
003 - CONTROL NUMBER IDENTIFIER
control field AM-YEHGA
005 - DATE AND TIME OF LATEST TRANSACTION
control field 20250617160406.0
008 - FIXED-LENGTH DATA ELEMENTS--GENERAL INFORMATION
fixed length control field 201013s2011 it a|||gr|||||||||||fre|d
020 ## - INTERNATIONAL STANDARD BOOK NUMBER
International Standard Book Number 9788874395958
040 ## - CATALOGING SOURCE
Original cataloging agency AM-YeHGA
041 0# - LANGUAGE CODE
Language code of text/sound track or separate title fre
090 ## - LOCALLY ASSIGNED LC-TYPE CALL NUMBER (OCLC); LOCAL CALL NUMBER (RLIN)
-- 455424
245 00 - TITLE STATEMENT
Title Les sujets de l'abstraction :
Remainder of title Peinture non-figurative de la seconde école de Paris, 1946-1962 : 101 chefs-d'œuvre de la Fondation Gandur pour l'art /
Statement of responsibility, etc. Sous la direction d'Eric De Chassey, Eveline Notter ; Avec la collaboration de Justine Moeckli.
260 ## - PUBLICATION, DISTRIBUTION, ETC.
Place of publication, distribution, etc. Milan :
Name of publisher, distributor, etc. 5 Continents,
Date of publication, distribution, etc. 2011.
300 ## - PHYSICAL DESCRIPTION
Extent 319 p. :
Other physical details ill.
504 ## - BIBLIOGRAPHY, ETC. NOTE
Bibliography, etc. note Includes bibliogr. references (p. 310-318)
650 14 - SUBJECT ADDED ENTRY--TOPICAL TERM
Topical term or geographic name entry element Painting, Abstract
General subdivision Exhibitions
Geographic subdivision France
650 14 - SUBJECT ADDED ENTRY--TOPICAL TERM
Topical term or geographic name entry element Painting
General subdivision Exhibitions
Geographic subdivision Switzerland
700 1# - ADDED ENTRY--PERSONAL NAME
Personal name Chassey, Eric de
Relationship aui
700 1# - ADDED ENTRY--PERSONAL NAME
Personal name Notter, Eveline
Relationship aui
700 1# - ADDED ENTRY--PERSONAL NAME
Personal name Moeckli, Justine
Relationship aui
942 ## - ADDED ENTRY ELEMENTS (KOHA)
Source of classification or shelving scheme Universal Decimal Classification
Koha item type Գրքեր / Books
Holdings
Withdrawn status Lost status Source of classification or shelving scheme Damaged status Not for loan Collection Home library Current library Date acquired Total checkouts Full call number Barcode Date last seen Price effective from Koha item type
    Universal Decimal Classification     General Fundamental Scientific Library Fundamental Scientific Library 13/10/2020   И III/22058 FL0631608 13/10/2020 13/10/2020 Գրքեր / Books


ՀՀ ԳԱԱ հիմնարար գիտական գրադարան
ՀՀ,Երևան 0019
Մարշալ Բաղրամյան 24/6
հեռախոս:(374-10) 52-47-50
Հետադարձ կապ

All site content, except where otherwise noted, is licensed under a
Creative Commons License